=LDR 00000nam 2200000 4500 =001 INLIS000000000010044 =005 20130612101800 =008 ***********************************ind** =035 ##$$0010-061300000010044 =041 ##$$a ind =082 ##$$a 028.5 =090 ##$$a 028.5, Ber m =100 ##$$a Bertino, Andre =245 ##$$a Bertino, Andree =260 ##$$a 1995 $b Bogor =300 ##$$a 74 hlm, ilus, 19 cm =650 ##$$a Bacaan anak-anak =850 ##$$a NBPNMAT